00345nam a2200133Ia 4500008004100000020002200041082001900063100002400082245003100106250000800137260004000145300001100185600001500196250916s9999 xx 000 0 und d a978-0-357-50565-6 a808.066378 YAG aYagelski, Robert P. 0aWriting: ten core concepts a3rd aAustralia:bCENGAGE Learning,c2022 a937 p. aManagement